1540 1693 1310 1819 1280 1833 1578 1832 1484 1723 1084 1302 1736 1078 1537 1683 1292 1925 1120 1809 1021 1946 1088 1702 1787 1940 1979 1512 1575 1875 1712 1188 1934 1606 1856 1453 1055 1476 1176 1718 1602 1834 1900 1295 1937 1586 1727 1652 1888 1713 1672 1621 1565 1872 1274 1705 1247 1457 1884 1621 1921 1469 1982 1307 1379 1613 1186 1779 1330 1493 1240 1481 1736 1634 1690 1440 1462 1258 1029 1312 1586 1459 1158 1524 1888 1093 1215 1615 1513 1570 1504 1813 1920 1408 1636 1357 1647 1994 1054 BCNSPRNW ULIB Ver.6.0+V

เปลี่ยนเป็นภาษาไทย

Change to English
 แสดงรายละเอียดบรรณานุกรม
  กลับหน้าหลัก

Brief Record : Get Marc (ISO 2709) : E-mail record : QR code < ปิดหน้าต่าง
LEADER : 00000nam 2200000uu 4500
001    13399127160
003     ULIB
008    191018s2562||||th 000 0 tha d
020 ^  ^a9786168142363
050  0 ^aนว.^bป534ร
100 0  ^aปัณภัส.
245 1  ^aรัก (กรรณ) วันละนิด /^cปัณภัส.
260 ^  ^aกรุงเทพฯ :^bทัช,^c2562.
300 ^  ^a272 หน้า ;^c21 ซม.
945    ^p230^l0^i006347
999    ^aประนอม เกษจรัล
รายการนี้ยังไม่มีแท็ก
คุณยังไม่ได้ล็อกอิน คุณสามารถมีกิจกรรมร่วมกับเว็บไซต์ได้ แต่ต้องล็อกอินก่อน ::
  ล็อกอิน

รายการสื่อสารสนเทศ

ลำดับที่ ประเภท เลขเรียก/บาร์โค้ด สถานที่ สถานะ
1. นวนิยาย
นวนิยาย
นว. ป534ร ฉ.1 
  Barcode: 006347
ห้องสมุดวิทยาเขตนครสวรรค์
►นวนิยาย:l:Fiction
บนชั้น

รายการใกล้เคียง
    ผู้แต่ง [ปัณภัส.]

BibComment


ยังไม่เคยถูกคอมเมนท์

คอมเมนท์ทรัพยากรรายการนี้
  คอมเมนท์: รัก กรรณ วันละนิ..


 Copyright 2026. Bcnsprnw @Library